[Event "Poznan op 26th"]
[Site "Poznan"]
[Date "2018.08.23"]
[Round "6"]
[White "Kaluzny, Lukasz"]
[Black "Wloch, Mikolaj"]
[Result "1/2-1/2"]
[WhiteElo "1943"]
[BlackElo "1772"]
[PlyCount "103"]
[EventDate "2018.08.19"]
[EventType "swiss"]
[EventRounds "9"]
[EventCountry "POR"]
[SourceTitle "CBM 186 Extra"]
[Source "ChessBase"]
[SourceDate "2018.08.24"]
[SourceVersion "1"]
[SourceVersionDate "2018.08.24"]
[SourceQuality "1"]

1. d4 d5 2. Nf3 Nf6 3. Bf4 Bf5 4. e3 e6 5. Bd3 Bxd3 6. Qxd3 Nbd7 7. Nbd2 c5 8. c3 Be7 9. h3 Qb6 10. Rb1 h6 11. Qe2 Qa5 12. a3 c4 13. 0-0 b5 14. Ne5 Qb6 15. Nxd7 Nxd7 16. Qg4 g5 17. Bg3 h5 18. Qe2 f5 19. f3 Nf6 20. Be5 Rh6 21. e4 dxe4 22. fxe4 f4 23. Bxf6 Bxf6 24. e5 Be7 25. Qf3 Rd8 26. Ne4 Kd7 27. h4 Rg6 28. hxg5 Bxg5 29. Nc5+ Kc7 30. Qxh5 Rdg8 31. Ne4 Qc6 32. Rbe1 Qd7 33. Re2 Rh6 34. Qg4 Rh4 35. Qf3 Qh7 36. Kf2 Rh1 37. Ke1 Rxf1+ 38. Qxf1 Be7 39. Kd2 Qh4 40. Qf3 Qh2 41. Kc2 a5 42. g3 Qg1 43. Qxf4 Rf8 44. Nf6 b4 45. cxb4 axb4 46. axb4 Bxb4 47. Qe3 Qa1 48. Qh6 Qa4+ 49. Kc1 Qa1+ 50. Kc2 Qa4+ 51. Kc1 Qa1+ 52. Kc2 1/2-1/2

[Event "Poznan op 26th"]
[Site "Poznan"]
[Date "2018.08.19"]
[Round "1"]
[White "Kaluzny, Lukasz"]
[Black "Wojdak, Karol"]
[Result "1-0"]
[WhiteElo "1943"]
[BlackElo "1408"]
[PlyCount "59"]
[EventDate "2018.08.19"]
[EventType "swiss"]
[EventRounds "9"]
[EventCountry "POR"]
[SourceTitle "CBM 186 Extra"]
[Source "ChessBase"]
[SourceDate "2018.08.24"]
[SourceVersion "1"]
[SourceVersionDate "2018.08.24"]
[SourceQuality "1"]

1. e4 e5 2. Nf3 Nc6 3. Bc4 Bc5 4. c3 Nf6 5. d4 exd4 6. e5 d5 7. Bb5 Ne4 8. cxd4 Be7 9. 0-0 0-0 10. Nc3 Bg4 11. Bd3 Bxf3 12. gxf3 Ng5 13. Be3 f5 14. f4 Ne6 15. Be2 Nb8 16. Qb3 c5 17. Qxd5 Qxd5 18. Nxd5 Bh4 19. dxc5 Nc6 20. Bc4 Kh8 21. Rad1 g5 22. Nf6 Nxf4 23. Rd7 Rxf6 24. exf6 Ne5 25. Bd4 Nf3+ 26. Kh1 Nxd4 27. Rxd4 Nh3 28. f7 Nxf2+ 29. Kg2 Ng4 30. Rxg4 1-0

[Event "Poznan op 25th"]
[Site "Poznan"]
[Date "2017.08.27"]
[Round "9"]
[White "Godek, Martyna"]
[Black "Kaluzny, Lukasz"]
[Result "0-1"]
[WhiteElo "1634"]
[BlackElo "1910"]
[PlyCount "84"]
[EventDate "2017.08.20"]
[EventType "swiss"]
[EventRounds "9"]
[EventCountry "POL"]
[SourceTitle "CBM 180 Extra"]
[Source "ChessBase"]
[SourceDate "2017.10.06"]
[SourceVersion "1"]
[SourceVersionDate "2017.10.06"]
[SourceQuality "1"]

1. e4 c5 2. Nc3 e6 3. Nf3 a6 4. a4 Nc6 5. d4 cxd4 6. Nxd4 d6 7. Bc4 Nf6 8. 0-0 Be7 9. Re1 0-0 10. Be3 Qc7 11. Bb3 Bd7 12. f4 Na5 13. Rc1 Nxb3 14. Nxb3 b5 15. axb5 axb5 16. e5 dxe5 17. fxe5 Qxe5 18. Bd4 Qc7 19. Be5 Qb7 20. Qd3 Bc6 21. Qg3 b4 22. Ne2 Nh5 23. Qg4 g6 24. Ned4 Bd5 25. Re3 f6 26. Nxe6 f5 27. Qe2 Bxe6 28. Bg3 Nxg3 29. hxg3 Bxb3 30. Rxe7 Qb6+ 31. Kh2 Bf7 32. Rd1 Rae8 33. Rdd7 Rxe7 34. Qxe7 Qe6 35. Qxe6 Bxe6 36. Rb7 Rc8 37. Rxb4 Rxc2 38. Rb8+ Kg7 39. b4 Bd5 40. b5 Rxg2+ 41. Kh3 Rb2 42. b6 g5 0-1

[Event "Poznan op 25th"]
[Site "Poznan"]
[Date "2017.08.26"]
[Round "8"]
[White "Kaluzny, Lukasz"]
[Black "Wojdak, Karol"]
[Result "1-0"]
[WhiteElo "1910"]
[BlackElo "1372"]
[PlyCount "97"]
[EventDate "2017.08.20"]
[EventType "swiss"]
[EventRounds "9"]
[EventCountry "POL"]
[SourceTitle "CBM 180 Extra"]
[Source "ChessBase"]
[SourceDate "2017.10.06"]
[SourceVersion "1"]
[SourceVersionDate "2017.10.06"]
[SourceQuality "1"]

1. e4 e5 2. Nf3 Nc6 3. Bc4 Bc5 4. c3 Nf6 5. d4 exd4 6. e5 d5 7. Bb5 Ne4 8. cxd4 Bb4+ 9. Bd2 Nxd2 10. Nbxd2 0-0 11. a3 Be7 12. Bxc6 bxc6 13. Qc2 Rb8 14. 0-0 Bd7 15. b4 Qc8 16. Nb3 Rb5 17. Rac1 Qa6 18. Na5 Rb6 19. Nd2 Qe2 20. Rce1 Qg4 21. Ndb3 Bf5 22. Qc3 Qg6 23. Re3 Qh6 24. f4 Re8 25. h3 Bf8 26. g4 Bd7 27. Nd2 Qh4 28. Kg2 Qd8 29. Qd3 c5 30. dxc5 Bb5 31. Qd4 Bxf1+ 32. Nxf1 Rbe6 33. f5 Rh6 34. Nd2 Qa8 35. Nf3 Ra6 36. c6 Rxa5 37. bxa5 Qxc6 38. Rc3 Qb7 39. Rd3 Rd8 40. f6 c5 41. Qf4 g6 42. Kg3 d4 43. Ng5 Qb1 44. Rf3 Qe1+ 45. Kg2 d3 46. Rf1 d2 47. Nxf7 Kxf7 48. Qc4+ Ke8 49. Qe6+ 1-0

[Event "Poznan op 25th"]
[Site "Poznan"]
[Date "2017.08.20"]
[Round "1"]
[White "Kabzinski, Jan"]
[Black "Kaluzny, Lukasz"]
[Result "0-1"]
[WhiteElo "1433"]
[BlackElo "1910"]
[PlyCount "68"]
[EventDate "2017.08.20"]
[EventType "swiss"]
[EventRounds "9"]
[EventCountry "POL"]
[SourceTitle "CBM 180 Extra"]
[Source "ChessBase"]
[SourceDate "2017.10.06"]
[SourceVersion "1"]
[SourceVersionDate "2017.10.06"]
[SourceQuality "1"]

1. c4 c6 2. Nf3 d5 3. e3 e6 4. b3 f5 5. Bb2 Nf6 6. d4 Bd6 7. Nbd2 0-0 8. Bd3 Ne4 9. 0-0 Nd7 10. Rc1 Qe8 11. Ne5 Nxe5 12. dxe5 Be7 13. f3 Nxd2 14. Qxd2 b6 15. b4 Ba6 16. a4 Rd8 17. Qc3 Rc8 18. Qb3 Bb7 19. Rf2 c5 20. b5 Kh8 21. Rd1 Qf7 22. Bf1 Rfd8 23. Kh1 f4 24. exf4 Qxf4 25. Qc2 dxc4 26. Rxd8+ Rxd8 27. Bxc4 Bd5 28. Bd3 g6 29. Bc1 Qb4 30. Rf1 Bb3 31. Qe2 Qxa4 32. Bb2 c4 33. Be4 c3 34. Bxc3 Bc4 0-1

[Event "Poznan op 24th"]
[Site "Poznan"]
[Date "2016.08.12"]
[Round "5"]
[White "Kaluzny, Lukasz"]
[Black "Garbarek, Wlodzimierz"]
[Result "1-0"]
[WhiteElo "1952"]
[BlackElo "1513"]
[PlyCount "91"]
[EventDate "2016.08.08"]
[EventType "swiss"]
[EventRounds "9"]
[EventCountry "POL"]
[SourceTitle "CBM 173 Extra"]
[Source "ChessBase"]
[SourceDate "2016.08.29"]
[SourceVersion "1"]
[SourceVersionDate "2016.08.29"]
[SourceQuality "1"]

1. d4 d5 2. Nf3 Nf6 3. h3 Bf5 4. c3 h6 5. Bf4 e6 6. e3 Nbd7 7. Bd3 Bxd3 8. Qxd3 c6 9. Nbd2 Nb6 10. 0-0 Bd6 11. Ne5 Qe7 12. b3 0-0 13. c4 dxc4 14. bxc4 Bxe5 15. Bxe5 Rfd8 16. Qc2 Nbd7 17. Bg3 e5 18. Rfe1 Re8 19. Nf3 e4 20. Nd2 Nb6 21. a4 a6 22. a5 Nc8 23. Reb1 Ra7 24. Rb3 Qd7 25. Rab1 Re7 26. Qb2 Nd6 27. Qa3 Nfe8 28. R3b2 Kh8 29. Qc3 Qc8 30. Qb4 Qd7 31. Nb3 Qe6 32. Rc2 Qd7 33. Nc5 Qc8 34. Bxd6 Nxd6 35. Nxe4 Rxe4 36. Qxd6 Re6 37. Qc5 Ra8 38. Rcb2 Rb8 39. Qa7 Re7 40. Qxa6 Kh7 41. Qb6 Ra8 42. Qc5 Rd7 43. Ra1 Ra6 44. Rb6 Qa8 45. Rxa6 Qxa6 46. Qf5+ 1-0

[Event "Poznan op 24th"]
[Site "Poznan"]
[Date "2016.08.10"]
[Round "3"]
[White "Kaluzny, Lukasz"]
[Black "Wawrzyniak, Pawel"]
[Result "1/2-1/2"]
[WhiteElo "1952"]
[BlackElo "1685"]
[PlyCount "163"]
[EventDate "2016.08.08"]
[EventType "swiss"]
[EventRounds "9"]
[EventCountry "POL"]
[SourceTitle "CBM 173 Extra"]
[Source "ChessBase"]
[SourceDate "2016.08.29"]
[SourceVersion "1"]
[SourceVersionDate "2016.08.29"]
[SourceQuality "1"]

1. d4 Nf6 2. Bf4 g6 3. h3 c5 4. e3 Bg7 5. Nf3 0-0 6. c3 Qb6 7. Qb3 Nc6 8. Nbd2 d5 9. dxc5 Qxc5 10. Be2 Re8 11. 0-0 e5 12. Bh2 Qe7 13. Rfe1 b6 14. c4 e4 15. Nd4 Nxd4 16. exd4 Bh6 17. Nf1 Bb7 18. Ne3 Rad8 19. Red1 Ba6 20. Be5 dxc4 21. Qa4 Bc8 22. Bxc4 Bxe3 23. fxe3 Nd5 24. Rf1 Be6 25. Bxd5 Rxd5 26. Bf6 Qd7 27. Qc2 Bf5 28. g4 Be6 29. Qf2 h6 30. Be5 Kh7 31. Rac1 Rxe5 32. dxe5 Bxa2 33. Rfd1 Qe7 34. Qf6 Qxe5 35. Qxe5 Rxe5 36. Kf2 a5 37. Kg3 Re6 38. Rc7 Kg7 39. Rd4 g5 40. Rcd7 b5 41. R7d6 Re5 42. Kf2 a4 43. Ke2 Bc4+ 44. Kd2 Bf1 45. R4d5 Re8 46. Rd8 Re6 47. Kc3 Rc6+ 48. Kb4 Rc4+ 49. Ka3 Rc2 50. Re5 Bxh3 51. Rxb5 Bxg4 52. Kxa4 Bf3 53. b4 g4 54. Rbb8 h5 55. Rg8+ Kf6 56. Rb6+ Ke7 57. Rb7+ Kf6 58. Rf8 g3 59. Rbxf7+ Kg5 60. Rg8+ Kh4 61. b5 g2 62. Rxg2 Rxg2 63. Kb3 Rg6 64. Kc4 Be2+ 65. Kd5 Bd3 66. Rf4+ Rg4 67. b6 Ba6 68. Kxe4 Kg3 69. Ke5 Rg5+ 70. Kd6 h4 71. Ra4 Bb7 72. e4 Rg6+ 73. Kc7 Rg7+ 74. Kd6 Rg4 75. Ra3+ Kf4 76. e5 Kf5 77. e6 Rg6 78. Ra5+ Kg4 79. Kd7 h3 80. e7 Rg7 81. Ra2 Kg3 82. Kd8 1/2-1/2

[Event "Poznan op 24th"]
[Site "Poznan"]
[Date "2016.08.09"]
[Round "2"]
[White "Sieciechowicz, Marcin"]
[Black "Kaluzny, Lukasz"]
[Result "1-0"]
[WhiteElo "2415"]
[BlackElo "1952"]
[PlyCount "80"]
[EventDate "2016.08.08"]
[EventType "swiss"]
[EventRounds "9"]
[EventCountry "POL"]
[SourceTitle "CBM 173 Extra"]
[Source "ChessBase"]
[SourceDate "2016.08.29"]
[SourceVersion "1"]
[SourceVersionDate "2016.08.29"]
[SourceQuality "1"]

1. d4 d5 2. c4 c6 3. Nf3 Nf6 4. Nc3 e6 5. Bg5 Be7 6. e3 0-0 7. Qc2 Nbd7 8. 0-0-0 b6 9. h4 Bb7 10. h5 c5 11. h6 g6 12. cxd5 Nxd5 13. Bxe7 Qxe7 14. Nxd5 Bxd5 15. e4 cxd4 16. exd5 Rac8 17. Bc4 exd5 18. Rxd4 Rxc4 19. Rxc4 dxc4 20. Qxc4 Qc5 21. Qxc5 Nxc5 22. Rd1 f6 23. Nd4 Rd8 24. Nc6 Rxd1+ 25. Kxd1 a5 26. Kd2 Kf7 27. f3 g5 28. Kc3 Kg6 29. Ne7+ Kxh6 30. Nd5 Nd7 31. Kc4 g4 32. fxg4 Kg5 33. Kb5 Kxg4 34. Nxb6 Ne5 35. Kxa5 Kg3 36. Kb5 Kxg2 37. Nd5 Nd3 38. a4 Kf3 39. a5 Ke4 40. a6 Kxd5 1-0

[Event "Poznan op 24th"]
[Site "Poznan"]
[Date "2016.08.08"]
[Round "1"]
[White "Kaluzny, Lukasz"]
[Black "Wojdak, Karol"]
[Result "1-0"]
[WhiteElo "1952"]
[BlackElo "1395"]
[PlyCount "53"]
[EventDate "2016.08.08"]
[EventType "swiss"]
[EventRounds "9"]
[EventCountry "POL"]
[SourceTitle "CBM 173 Extra"]
[Source "ChessBase"]
[SourceDate "2016.08.29"]
[SourceVersion "1"]
[SourceVersionDate "2016.08.29"]
[SourceQuality "1"]

1. d4 d5 2. Bf4 Nf6 3. h3 e6 4. Nf3 Bd6 5. Ne5 c5 6. e3 Qe7 7. c3 Nbd7 8. Bd3 c4 9. Bc2 Nb6 10. Nd2 Bd7 11. 0-0 h6 12. Qe2 g5 13. Bg3 Rg8 14. e4 Bc6 15. Nxc6 bxc6 16. e5 Bxe5 17. Bxe5 Nfd7 18. b3 Nxe5 19. dxe5 cxb3 20. axb3 a5 21. c4 d4 22. Ne4 Nd7 23. Nd6+ Kf8 24. Qe4 Ra6 25. Qxd4 c5 26. Qc3 g4 27. Qe3 1-0

[Event "POL-chT3 Wielkopolskie 1415"]
[Site "Poland"]
[Date "2015.02.01"]
[Round "7.10"]
[White "Polanowski, Emil"]
[Black "Kaluzny, Lukasz"]
[Result "1-0"]
[WhiteElo "2084"]
[BlackElo "1968"]
[PlyCount "89"]
[EventDate "2014.11.30"]
[EventType "team-tourn"]
[EventRounds "11"]
[EventCountry "POL"]
[SourceTitle "EXT 2019"]
[Source "ChessBase"]
[SourceDate "2018.10.10"]
[SourceVersion "1"]
[SourceVersionDate "2018.10.10"]
[SourceQuality "1"]

1. d4 d5 2. c4 c6 3. Nc3 e6 4. cxd5 exd5 5. Qc2 Nf6 6. Bg5 Be7 7. e3 0-0 8. Bd3 Nbd7 9. Nge2 b6 10. 0-0 Bb7 11. f3 h6 12. Bh4 c5 13. Bf2 Bd6 14. Nb5 Bb8 15. Kh1 Re8 16. Rae1 a6 17. Nbc3 c4 18. Bf5 b5 19. e4 dxe4 20. fxe4 g6 21. Bxg6 fxg6 22. e5 Nh7 23. Qxg6+ Kh8 24. Nf4 Rg8 25. Qxh6 Qg5 26. Qxg5 Nxg5 27. Bg3 b4 28. Ncd5 Ba7 29. e6 Bxd4 30. exd7 Rad8 31. Ne7 Rg7 32. Nfg6+ Kh7 33. Nf8+ Kh8 34. Neg6+ Kg8 35. Be5 Bxe5 36. Rxe5 Rf7 37. Rxf7 Nxf7 38. Re8 c3 39. bxc3 bxc3 40. Ne6+ Kh7 41. Nxd8 c2 42. Re1 Nxd8 43. Ne5 Kg7 44. Nd3 Kf6 45. Rc1 1-0

[Event "POL-chT3 Wielkopolskie 1314"]
[Site "Poland"]
[Date "2014.02.16"]
[Round "7.3"]
[White "Kaluzny, Lukasz"]
[Black "Skwarczynski, Marcin"]
[Result "0-1"]
[WhiteElo "1979"]
[BlackElo "1998"]
[PlyCount "98"]
[EventDate "2013.10.27"]
[EventType "team-tourn"]
[EventRounds "11"]
[EventCountry "POL"]
[SourceTitle "EXT 2015"]
[Source "ChessBase"]
[SourceDate "2014.11.20"]
[SourceVersion "1"]
[SourceVersionDate "2014.11.20"]
[SourceQuality "1"]
[WhiteTeam "Poznan Politechnika II"]
[BlackTeam "Steszew Lipno"]
[WhiteTeamCountry "POL"]
[BlackTeamCountry "POL"]

1. d4 d5 2. Nf3 Nc6 3. Bf4 Nf6 4. h3 Bf5 5. c3 e6 6. e3 Bd6 7. Ne5 Bxe5 8. dxe5 Nd7 9. Bb5 Ne7 10. Nd2 c6 11. Be2 Ng6 12. g4 Nxf4 13. exf4 Bg6 14. Nf3 Be4 15. Bd3 Bxf3 16. Qxf3 g5 17. 0-0-0 h6 18. h4 gxf4 19. Qxf4 Qe7 20. Qe3 Qc5 21. Qxc5 Nxc5 22. Bc2 Ke7 23. f4 Rag8 24. Rdg1 Nd7 25. Kd2 b6 26. Ke3 a5 27. Kf3 b5 28. a4 b4 29. Rb1 c5 30. cxb4 cxb4 31. Rbc1 Rc8 32. Bd3 Nc5 33. Bb5 Nb3 34. Rxc8 Rxc8 35. Bd3 Kf8 36. Ke3 Kg7 37. Rh2 Rc1 38. g5 Re1+ 39. Kf2 Ra1 40. Rg2 Nc5 41. Bc2 b3 42. Bxb3 Nxb3 43. h5 Rxa4 44. Ke3 Re4+ 45. Kf3 Nd4+ 46. Kg4 Nf5 47. Rg1 Re3 48. Rg2 a4 49. Rg1 Rb3 0-1

[Event "POL-chT 3rd League Wielkopolska 12/13"]
[Site "Poznan"]
[Date "2013.01.06"]
[Round "4.33"]
[White "Wesolowski, Edgar"]
[Black "Kaluzny, Lukasz"]
[Result "1-0"]
[WhiteElo "2023"]
[BlackElo "1979"]
[PlyCount "79"]
[EventDate "2012.11.25"]
[EventType "team-tourn"]
[EventRounds "11"]
[EventCountry "POL"]
[SourceTitle "EXT 2014"]
[Source "ChessBase"]
[SourceDate "2013.11.20"]
[SourceVersion "1"]
[SourceVersionDate "2013.11.20"]
[SourceQuality "1"]
[WhiteTeam "Wolsztyn UKS Szach"]
[BlackTeam "Poznan Politechnika II"]
[WhiteTeamCountry "POL"]
[BlackTeamCountry "POL"]

1. c4 c6 2. e4 d5 3. cxd5 cxd5 4. exd5 Qxd5 5. Nc3 Qd8 6. Bc4 e6 7. Nf3 Nf6 8. d4 Be7 9. 0-0 0-0 10. h3 Nbd7 11. Qe2 Nb6 12. Bb3 Nbd5 13. Ne5 a6 14. Rd1 Bd7 15. Ne4 Rc8 16. a4 Bc6 17. Ng5 Nd7 18. h4 Nxe5 19. dxe5 h6 20. Nh3 Qb6 21. Rd3 Kh8 22. Qh5 Kh7 23. Rg3 Be8 24. Bc2+ Rxc2 25. Rxg7+ Kxg7 26. Bxh6+ Kh7 27. Be3+ Kg8 28. Bxb6 Nxb6 29. Ng5 Bxg5 30. Qxg5+ Kh7 31. Qe7 Rg8 32. Qxb7 Nc4 33. Qe4+ f5 34. Qxc2 Nxe5 35. Qe2 Ng6 36. Qh5+ Kg7 37. Rc1 Ne5 38. Rc7+ Bf7 39. Qg5+ Kf8 40. Qf6 1-0

[Event "Gniezno GOSiR op-A"]
[Site "Gniezno"]
[Date "2012.08.11"]
[Round "1"]
[White "Kaluzny, Lukasz"]
[Black "Czajka, Iwo"]
[Result "1-0"]
[WhiteElo "1965"]
[BlackElo "1522"]
[PlyCount "81"]
[EventDate "2012.08.11"]
[EventType "swiss"]
[EventRounds "9"]
[EventCountry "POL"]
[SourceTitle "EXT 2023"]
[Source "ChessBase"]
[SourceDate "2022.10.05"]
[SourceVersion "1"]
[SourceVersionDate "2022.10.05"]
[SourceQuality "1"]

1. d4 e6 2. e4 d5 3. e5 c5 4. c3 Nc6 5. Nf3 Bd7 6. a3 Nh6 7. b4 cxd4 8. cxd4 Rc8 9. Be2 Nf5 10. 0-0 Qb6 11. Be3 Be7 12. Qd2 0-0 13. g4 Nh4 14. Nxh4 Bxh4 15. Nc3 Ne7 16. f4 f6 17. Kg2 fxe5 18. dxe5 Qd8 19. Kh3 Ng6 20. g5 Qe8 21. Bc5 Rf5 22. Bg4 Qf7 23. Ne2 Bxg5 24. Bxf5 Qxf5+ 25. Kg3 Bh4+ 26. Kg2 Qe4+ 27. Kg1 b6 28. Nc3 Qf5 29. Bd4 Qh3 30. Rac1 Rc4 31. Qe3 Qg4+ 32. Kh1 Ne7 33. Rg1 Qh5 34. Qe2 Qh6 35. Be3 Nf5 36. Na2 Nxe3 37. Qxe3 Rxf4 38. Rc7 Bf2 39. Qd2 Bxg1 40. Rxd7 Qh5 41. Qxf4 1-0

[Event "Bergamo op 11th"]
[Site "Bergamo"]
[Date "2012.07.15"]
[Round "6"]
[White "Platino, Maurizio"]
[Black "Kaluzny, Lukasz"]
[Result "1/2-1/2"]
[WhiteElo "1901"]
[BlackElo "1969"]
[PlyCount "71"]
[EventDate "2012.07.13"]
[EventType "swiss"]
[EventRounds "6"]
[EventCountry "ITA"]
[SourceTitle "EXT 2014"]
[Source "ChessBase"]
[SourceDate "2013.11.20"]
[SourceVersion "1"]
[SourceVersionDate "2013.11.20"]
[SourceQuality "1"]

1. d4 d5 2. c4 c6 3. Nf3 Nf6 4. Nc3 dxc4 5. e3 b5 6. a4 b4 7. Nb1 a5 8. Bxc4 Bf5 9. Ne5 e6 10. Nd2 Be7 11. 0-0 0-0 12. Qf3 Qb6 13. e4 Qxd4 14. exf5 Qxe5 15. fxe6 fxe6 16. Qb3 Nd5 17. Nf3 Qh5 18. Re1 Nd7 19. Qd3 Nc5 20. Qe2 Bd6 21. Ne5 Qxe5 22. Qxe5 Bxe5 23. Rxe5 Rae8 24. b3 Nd7 25. Re1 N7b6 26. Ba6 Rf7 27. Bb2 Ra7 28. Bf1 Kf7 29. Rac1 Rc8 30. Bd4 Raa8 31. g3 Nd7 32. Bh3 Nf8 33. Bc5 Nc3 34. Re3 Re8 35. Rce1 Nd5 36. Rf3+ 1/2-1/2

[Event "Klementowice op 2nd"]
[Site "Klementowice"]
[Date "2011.08.20"]
[Round "9"]
[White "Kaluzny, Lukasz"]
[Black "Polek, Marek"]
[Result "0-1"]
[WhiteElo "2031"]
[BlackElo "1735"]
[PlyCount "79"]
[EventDate "2011.08.14"]
[EventType "swiss"]
[EventRounds "9"]
[EventCountry "POL"]
[SourceTitle "CBM 144 Extra"]
[Source "ChessBase"]
[SourceDate "2011.10.28"]
[SourceVersion "1"]
[SourceVersionDate "2011.10.28"]
[SourceQuality "1"]

1. d4 e6 2. e4 c5 3. Nf3 cxd4 4. Nxd4 d6 5. Nc3 Nf6 6. Be2 Be7 7. 0-0 Nc6 8. Be3 Bd7 9. f4 Nxd4 10. Bxd4 Bc6 11. Bd3 0-0 12. Kh1 Qa5 13. Qe1 Rfe8 14. Qg3 Qb4 15. Ne2 d5 16. a3 Qa5 17. b4 Qd8 18. b5 dxe4 19. Bc4 Bd5 20. Rad1 Rc8 21. Bb3 Qa5 22. f5 e5 23. Bxe5 Bxb3 24. cxb3 Qxb5 25. Nd4 Qa6 26. b4 Qc4 27. Nb3 e3 28. Na5 Qe4 29. Rfe1 Ng4 30. Ba1 Bh4 31. Qxh4 Nf2+ 32. Qxf2 exf2 33. Rxe4 Rxe4 34. Bc3 h6 35. g3 b6 36. Bd2 Re1+ 37. Rxe1 fxe1Q+ 38. Bxe1 Rc1 39. Nc6 Rxc6 40. Kg2 0-1

[Event "Klementowice op 2nd"]
[Site "Klementowice"]
[Date "2011.08.19"]
[Round "5"]
[White "Kaluzny, Lukasz"]
[Black "Gora, Jan"]
[Result "1/2-1/2"]
[WhiteElo "2031"]
[BlackElo "1894"]
[PlyCount "132"]
[EventDate "2011.08.14"]
[EventType "swiss"]
[EventRounds "9"]
[EventCountry "POL"]
[SourceTitle "CBM 144 Extra"]
[Source "ChessBase"]
[SourceDate "2011.10.28"]
[SourceVersion "1"]
[SourceVersionDate "2011.10.28"]
[SourceQuality "1"]

1. e4 c5 2. Nf3 g6 3. c4 Nc6 4. d4 cxd4 5. Nxd4 Nf6 6. Nc3 d6 7. Be2 Nxd4 8. Qxd4 Bg7 9. Be3 0-0 10. Qd2 Be6 11. 0-0 Qa5 12. Rac1 Rfc8 13. b3 a6 14. f3 b5 15. Nd5 Qxd2 16. Bxd2 Nxd5 17. exd5 Bd7 18. Be3 bxc4 19. Bxc4 a5 20. Rfe1 Kf8 21. Bg5 Bd4+ 22. Kf1 f6 23. Bd2 a4 24. Be3 Bxe3 25. Rxe3 axb3 26. axb3 Bb5 27. Rec3 Bxc4+ 28. bxc4 Ra2 29. R1c2 Rxc2 30. Rxc2 e6 31. dxe6 d5 32. c5 Ke7 33. Ke2 Kxe6 34. Kd3 Ra8 35. Re2+ Kd7 36. Kd4 Ra1 37. Kxd5 Rd1+ 38. Ke4 Rc1 39. Rd2+ Kc6 40. Rd6+ Kxc5 41. Rxf6 Rc2 42. Rf7 Rxg2 43. Rxh7 Kd6 44. h4 Ke6 45. Kf4 Kf6 46. Ra7 Rb2 47. Ra4 Rb1 48. Ra2 Rh1 49. Kg3 Rg1+ 50. Rg2 Ra1 51. Rh2 Ra4 52. h5 gxh5 53. Rxh5 Kg6 54. Rb5 Ra6 55. Kg4 Ra4+ 56. f4 Ra6 57. Rg5+ Kf6 58. Rh5 Kg6 59. f5+ Kg7 60. Rh1 Rb6 61. Kg5 Kf8 62. Ra1 Kg7 63. Ra7+ Kf8 64. Rc7 Ra6 65. Rc2 Rb6 66. f6 Rb1 1/2-1/2

[Event "Gniezno Powiatu-A"]
[Site "Gniezno"]
[Date "2010.11.14"]
[Round "5.6"]
[White "Gajek, Radoslaw"]
[Black "Kaluzny, Lukasz"]
[Result "1-0"]
[WhiteElo "1923"]
[BlackElo "2045"]
[PlyCount "65"]
[EventDate "2010.11.12"]
[EventType "swiss"]
[EventRounds "5"]
[EventCountry "POL"]
[SourceTitle "EXT 2023"]
[Source "ChessBase"]
[SourceDate "2022.10.05"]
[SourceVersion "1"]
[SourceVersionDate "2022.10.05"]
[SourceQuality "1"]

1. e4 c5 2. Nf3 Nc6 3. d4 cxd4 4. Nxd4 Nf6 5. Nc3 d6 6. Bg5 e6 7. Qd2 a6 8. 0-0-0 Bd7 9. f4 b5 10. Re1 Qb6 11. Nxc6 Qxc6 12. Nd5 Nxd5 13. exd5 Qc5 14. dxe6 fxe6 15. Bd3 g6 16. Bf6 Rg8 17. Bd4 Qc7 18. f5 gxf5 19. Bxf5 e5 20. Bxe5 0-0-0 21. Bxh7 dxe5 22. Bxg8 Bf5 23. Qf2 Bh6+ 24. Kb1 Bg6 25. Be6+ Kb8 26. Bf5 Rd2 27. Qf3 Bf7 28. Rd1 Bd5 29. Be4 Qc4 30. b3 Qxe4 31. Rxd2 Bxd2 32. Rd1 Qe1 33. Qf8+ 1-0

[Event "Gniezno Powiatu-A"]
[Site "Gniezno"]
[Date "2010.11.12"]
[Round "1.9"]
[White "Kaluzny, Tomasz"]
[Black "Kaluzny, Lukasz"]
[Result "1/2-1/2"]
[WhiteElo "1554"]
[BlackElo "2045"]
[PlyCount "44"]
[EventDate "2010.11.12"]
[EventType "swiss"]
[EventRounds "5"]
[EventCountry "POL"]
[SourceTitle "EXT 2023"]
[Source "ChessBase"]
[SourceDate "2022.10.05"]
[SourceVersion "1"]
[SourceVersionDate "2022.10.05"]
[SourceQuality "1"]

1. d4 d5 2. Nf3 e6 3. Bf4 f5 4. e3 Nf6 5. Be2 Bd6 6. Ne5 0-0 7. 0-0 Ne4 8. Nd2 Nxd2 9. Qxd2 Nd7 10. f3 Nxe5 11. dxe5 Be7 12. Bd3 Bg5 13. Bxg5 Qxg5 14. f4 Qe7 15. Rf3 b6 16. Rg3 a5 17. Qe2 c5 18. c3 Qa7 19. Qh5 Qf7 20. Qxf7+ Rxf7 21. c4 Bb7 22. cxd5 Bxd5 1/2-1/2

[Event "Poznan op 19th"]
[Site "Poznan"]
[Date "2010.08.01"]
[Round "1"]
[White "Kaluzny, Lukasz"]
[Black "Wittig, Zenon"]
[Result "1-0"]
[WhiteElo "2058"]
[BlackElo "1677"]
[PlyCount "113"]
[EventDate "2010.08.01"]
[EventType "swiss"]
[EventRounds "9"]
[EventCountry "POL"]
[SourceTitle "CBM 138 Extra"]
[Source "ChessBase"]
[SourceDate "2010.10.29"]
[SourceVersion "1"]
[SourceVersionDate "2010.10.29"]
[SourceQuality "1"]

1. d4 d5 2. h3 Nf6 3. Bf4 h6 4. Nf3 Bf5 5. e3 e6 6. Bd3 Bxd3 7. Qxd3 Bd6 8. Ne5 0-0 9. c3 c6 10. Nd2 Qc7 11. 0-0 Nbd7 12. Nxd7 Nxd7 13. Bxd6 Qxd6 14. e4 dxe4 15. Nxe4 Qe7 16. Rae1 Nf6 17. f4 Nxe4 18. Qxe4 Qd7 19. Rf3 Rad8 20. Rg3 Qd5 21. Qe3 Qf5 22. Qf2 Rd5 23. b4 Qf6 24. Rf3 a5 25. bxa5 Rxa5 26. Rb1 Qe7 27. Re3 Rfa8 28. Rb2 Qd7 29. Re1 b5 30. Ree2 Qd5 31. Re5 Qd7 32. Qc2 R8a6 33. Rc5 Qa7 34. Qe4 Qd7 35. Qb1 g6 36. Qe4 Qd6 37. Kh1 Ra4 38. Qf3 Ra3 39. Qf2 R6a4 40. Kg1 Ra6 41. g4 R3a4 42. f5 exf5 43. gxf5 gxf5 44. Re5 Ra8 45. Qh2 Qf6 46. Rg2+ Kh7 47. Ree2 Ra3 48. Qg3 b4 49. Qf4 Rxc3 50. Re5 Rc4 51. Kh1 Rf8 52. Rxf5 Qe6 53. Rf6 Qxh3+ 54. Rh2 Re8 55. Rxh3 Rc1+ 56. Kg2 Rc2+ 57. Kg3 1-0

[Event "Nove Zamky op"]
[Site "Nove Zamky"]
[Date "2009.08.15"]
[Round "5"]
[White "Brestak, Jan"]
[Black "Kaluzny, Lukasz"]
[Result "0-1"]
[WhiteElo "2203"]
[BlackElo "2024"]
[PlyCount "82"]
[EventDate "2009.08.12"]
[EventType "swiss"]
[EventRounds "7"]
[EventCountry "SVK"]
[SourceTitle "CBM 132 Extra"]
[Source "ChessBase"]
[SourceDate "2009.11.03"]
[SourceVersion "1"]
[SourceVersionDate "2009.11.03"]
[SourceQuality "1"]

1. e4 c5 2. Nf3 Nc6 3. Bb5 e6 4. Bxc6 bxc6 5. d3 d6 6. Nbd2 e5 7. Nc4 Bg4 8. h3 Be6 9. Ng5 Bxc4 10. dxc4 Nf6 11. Qe2 Be7 12. Bd2 Rb8 13. b3 Qc8 14. g3 Nd7 15. Qh5 Bxg5 16. Bxg5 Nf8 17. 0-0-0 Qc7 18. Rd3 Ne6 19. Rhd1 0-0 20. Qg4 Kh8 21. Rxd6 Nd4 22. Rd7 Qa5 23. Be7 Qxa2 24. R1xd4 cxd4 25. Bxf8 Rxf8 26. Rxf7 Rg8 27. Qf3 a5 28. g4 a4 29. Ra7 a3 30. b4 Qb2+ 31. Kd1 Qb1+ 32. Kd2 Qxb4+ 33. Ke2 a2 34. Qb3 d3+ 35. Kf1 d2 36. Ke2 Qc5 37. Rxa2 Rd8 38. Qd3 Qxc4 39. Qxc4 d1Q+ 40. Ke3 Qd2+ 41. Kf3 Rf8+ 0-1